000 01292cam a2200337 4500
001 ABS63969
008 000000n2001 000 0 eng u
035 _a(Sirsi) u112942
245 _aProperty Week: London supplement
260 _c2001
490 _aProperty Week
_vMay 2001 (59) LOAN
520 _aSupplement on London. Includes articles on the Chelsea Village development, the GLA site development, the West End market, the retail market, the City office market, the work of the Office of Government Commerce (OGC), and a borough-by-borough analysis of planning polices, developments and prospects.
590 _aABS
650 _aPROPERTY-COMMERCIAL PROPERTY-RETAIL PROPERTY-RETAIL PROPERTY MARKET
650 _aLETTINGS MARKET
650 _aINVESTMENT MARKET
650 _aWEST END OF LONDON
650 _aLONDON
650 _aLONDON BOROUGHS
650 _aGREATER LONDON AUTHORITY
650 _aGLA
650 _aCHELSEA VILLAGE
650 _aDEVELOPMENT
650 _aPROPERTY-COMMERCIAL PROPERTY-OFFICE PROPERTY-OFFICE PROPERTY MARKET
650 _aOFFICE SPACE
650 _aCITY OF LONDON
650 _aPLANNING ISSUES
650 _aSPATIAL DEVELOPMENT STRATEGY
690 _aPROPERTY-COMMERCIAL PROPERTY-COMMERCIAL PROPERTY MARKET
942 _n0
999 _c67231
_d67231